000 00325nam a22001337a 4500
008 171024b xxu||||| |||| 00| 0 eng d
020 _a9780072502862
041 _aeng
080 _211 ED
_a311
100 _a55
101 _aSTA
245 _aSTATISTICAL TECHNIQUES BUSSINESS ECONOMICS
_cMASON.L.M
942 _2udc
_cBK
999 _c35796
_d35796